| 000 | 01337nam0a22002411 4500 | ||
|---|---|---|---|
| 001 | rc\72327 | ||
| 005 | 20260406115641.0 | ||
| 035 | _a(NLR Aleph) 005344731 | ||
| 090 |
_a6731772 _c6731772 |
||
| 100 | _a20021216d1994 |||y0rusy50 ca | ||
| 101 | 0 | _arus | |
| 102 | _aRU | ||
| 105 | _aa ||||||||| | ||
| 200 | 1 |
_aСБОРНИК задач по курсу "Сопротивление материалов" _f[Сост. Быков Л.И., проф., д. т. н., Попенов А.И., Степанов К.В. - доценты, кандидаты техн. наук] _gГос. ком. Рос. Федерации по высш. образованию. Уфим. гос. нефт. техн. ун-т. Каф. сопротивления материалов и строит. техники |
|
| 210 |
_aУфа _cУфим. гос. нефт. техн. ун-т _d1994 |
||
| 215 |
_a148 с. _cил. _d20 |
||
| 702 | 1 |
_aБыков _bЛ.И. _gЛеонид Иванович _4220 |
|
| 712 | 0 | 2 |
_aУфимский государственный нефтяной технический университет _bКафедра сопротивления материалов и строительной техники _3RU\NLR\AUTH\8811916 _9296523 |
| 801 | 0 |
_aRU _bNLR _gpsbo |
|
| 801 | 1 |
_aRU _bELAR _2rusmarc |
|
| 852 |
_aNLR _j95-3/4932 |
||
| 942 | _cBOOK | ||
| 980 | _aNB | ||